000 00558nam a2200181Ia 4500
003 GCL
008 140319s9999 xx 000 0 ara d
040 _aGCL /
_cGCL
082 0 4 _a367.2
_bع ت
100 1 _aعلى داود محمد جفال
245 1 0 _aالتوبة واثرها فى اسقاط الحدود فى الفقه الاسلامى /
_cعلى داود محمد جفال
300 _a216 ص
490 _a100 قصة
_v0
650 0 4 _aالاسلام
650 0 4 _aالاسلام والمجتمع
650 0 4 _aالتوبة
942 _2ddc
_cBK
999 _c45521
_d45521